Erosión de suelos en América Latina

Gorde:
Xehetasun bibliografikoak
Erakunde egilea: FAO (Egilea)
Formatua: Liburua
Hizkuntza:gaztelania
Argitaratua: Santiago FAO 1994
Saila:Suelos y Aguas, 1
Gaiak:
Etiketak: Etiketa erantsi
Etiketarik gabe, Izan zaitez lehena erregistro honi etiketa jartzen!

MARC

LEADER 00000nam a2200000 a 4500
001 UCS8105
003 CL-VaPUC
005 20240924124019.0
008 971031e19940000cl 1 spa d
082 0 4 |a 631.45  |b FAO  |2 21 
110 2 |a FAO  |e author  |9 618595 
245 1 0 |a Erosión de suelos en América Latina 
260 |a Santiago  |b FAO  |c 1994 
300 |a 219 p 
490 0 |a Suelos y Aguas, 1 
583 |a last modification  |c 19971031 00:00:00  |k Rodrigo Vera 
650 0 0 |a Erosión del suelo  |9 361524 
650 0 0 |a Fertilidad del agua   |9 264571 
650 0 0 |a Producción agrícola  |9 353481 
650 0 0 |a Conservación del suelo  |9 363984 
650 0 0 |a Congresos  |9 257560 
651 0 |a América Latina   |9 255027 
942 |c BK 
945 |a rleighto  |d 19971031 00:00:00 
546 |a En Español 
536 |a FAO 
518 |p Taller sobre la utilización de un sistema de información geográfica (SIG) en la evaluación de la erosión actual de suelos y la predicción del riego de erosión potencial, Santiago, 27 de Julio al 1 de Agosto de 1992 
999 |c 383036  |d 383034